000 00462nam a22001697a 4500
005 20250814070413.0
008 250814b |||||||| |||| 00| 0 eng d
020 _a9780639971902
041 _aEnglish
082 _a340. NKH
100 _aNkhwashu N
_cAdvocate
_lEnglish
245 _aA Lawyer Who Never Was /
_cN Nkhwashu
260 _c2020
300 _b169 pages;
_c25 cm.
650 _aLegal practice
_bLaw
942 _cBK
_6ALISON_BN_VRIES
999 _c3317
_d3317